[Event "Druzynowe Mistrzostwa Polski Juniorow 2018 - II Liga"]
[Site "Szczyrk"]
[Date "1899-12-30"]
[Round "11.41"]
[White "Polak, Sylwia"]
[Black "Krzyzosiak, Anna"]
[Result "1/2-1/2"]
[WhiteTitle "I"]
[BlackTitle "I+"]
[WhiteElo "1519"]
[BlackElo "1552"]

1. d4 Nf6 2. c4 g6 3. Nc3 Bg7 4. e4 d6 5. Nf3 O-O 6. Be2 Ne8 7. O-O Nc6 8. d5 Ne5
9. Nd4 c5 10. Nc2 e6 11. f4 Nd7 12. Be3 Nb6 13. a4 a5 14. dxe6 Bxe6 15. Na3 Qe7
16. Qd2 Bd7 17. Bf3 Bxa4 18. Rae1 Rd8 19. Qf2 Bc6 20. e5 Bxf3 21. exd6 Qxd6 22.
Bxc5 Qxc5 23. Qxc5 Bd4+ 24. Qxd4 Rxd4 25. Rxf3 Nxc4 26. Nxc4 Rxc4 27. Ra1 Rb4
28. Rf2 b6 29. Nd5 Rb5 30. Nc3 Rb3 31. Na4 Nf6 32. Nc3 Rd8 33. h3 Rd4 34. Rd1
Rxd1+ 35. Nxd1 Ne4 36. Re2 Nc5 37. Kf1 Kg7 38. Re3 Rxe3 39. Nxe3 Nd3 40. Nc4 Nxb2
41. Nxb2 h5 1/2-1/2

[Event "Druzynowe Mistrzostwa Polski Juniorow 2018 - II Liga"]
[Site "Szczyrk"]
[Date "1899-12-30"]
[Round "11.42"]
[White "Krzyzosiak, Marta"]
[Black "Krzanowska, Liliana"]
[Result "1-0"]
[WhiteTitle "I"]
[BlackTitle "I"]
[WhiteElo "1579"]
[BlackElo "1000"]

1. e4 c5 2. Nf3 d6 3. d4 cxd4 4. Nxd4 Nf6 5. Nc3 g6 6. Be3 Bg7 7. Be2 O-O 8. O-O
Nc6 9. Qd2 a6 10. f4 Nxd4 11. Bxd4 Qc7 12. Rad1 b5 13. Kh1 Bb7 14. Bf3 Rac8 15.
e5 dxe5 16. Bxe5 Qb6 17. Bxb7 Qxb7 18. Rfe1 e6 19. Re3 Ng4 20. Ree1 Bxe5 21. fxe5
Qb6 22. Ne4 Rfd8 23. Qf4 Rxd1 24. Rxd1 Ne3 25. Qh6 Ng4 26. Nf6+ Nxf6 27. exf6
Qf2 28. Qg7# 1-0

[Event "Druzynowe Mistrzostwa Polski Juniorow 2018 - II Liga"]
[Site "Szczyrk"]
[Date "1899-12-30"]
[Round "11.43"]
[White "Matyszkiewicz, Wiktor"]
[Black "Kokoszczynski, Jan"]
[Result "0-1"]
[WhiteTitle "I"]
[BlackTitle "k"]
[WhiteElo "1771"]
[BlackElo "2111"]

1. e4 c5 2. Nf3 Nc6 3. d4 cxd4 4. Nxd4 Nf6 5. Nc3 d6 6. Bg5 e6 7. Qd2 a6 8. O-O-O
Bd7 9. f4 h6 10. Bxf6 Qxf6 11. e5 dxe5 12. Ndb5 Qd8 13. Nd6+ Bxd6 14. Qxd6 exf4
15. Ne4 Qe7 16. Qc7 Bc8 17. Nd6+ Kf8 18. Qb6 g6 19. Be2 Kg7 20. g3 Rd8 21. Qc5
fxg3 22. Kb1 Qg5 23. Qc3+ Qe5 24. Qxe5+ Nxe5 25. Nf5+ exf5 26. Rxd8 gxh2 27. Rxh2
b5 28. Re8 Ng4 29. Bxg4 fxg4 30. Rd2 h5 31. Kc1 g3 32. Rd4 Bb7 33. Re1 g5 34.
Kd2 h4 0-1

[Event "Druzynowe Mistrzostwa Polski Juniorow 2018 - II Liga"]
[Site "Szczyrk"]
[Date "1899-12-30"]
[Round "11.44"]
[White "Golecki, Jan"]
[Black "Bujalski, Mateusz"]
[Result "1-0"]
[WhiteTitle "I++"]
[BlackTitle "I"]
[WhiteElo "2001"]
[BlackElo "1804"]

1. d4 d5 2. Nc3 Nf6 3. Bg5 Bf5 4. Bxf6 exf6 5. e3 c6 6. Bd3 Be6 7. Nf3 Bb4 8. O-O
O-O 9. Ne2 Bd6 10. Ng3 Bxg3 11. hxg3 Re8 12. e4 Bg4 13. Re1 dxe4 14. Rxe4 Rxe4
15. Bxe4 Na6 16. c3 Nc7 17. Qc2 Bxf3 18. Bxh7+ Kh8 19. gxf3 g6 20. Bxg6 fxg6 21.
Qxg6 Qe7 22. Kg2 Qg7 23. Qf5 Kg8 24. Rh1 Qf7 25. Rh6 Ne8 26. Qg4+ Kf8 27. Rh8+
Ke7 28. Qe4+ Kd8 29. Rh7 Qf8 30. Qf5 Qd6 31. Rxb7 Rb8 32. Qa5+ Kc8 33. Rxa7 Rxb2
34. Ra8+ Rb8 35. Qa6+ Kd7 36. Qa7+ Kc8 37. Rxb8+ Qxb8 38. Qe7 Nc7 39. Qxf6 Qb2
40. Qxc6 Qxa2 41. c4 Qd2 42. d5 Kd8 43. d6 Ne8 44. c5 Qd4 45. Qa8+ Kd7 46. Qb7+
Kd8 47. Qe7+ Kc8 48. Qxe8+ Kb7 49. Qe4+ Qxe4 50. fxe4 Kc6 51. e5 Kd7 52. f4 Kc6
53. e6 Kxc5 54. d7 Kd6 55. Qd8+ Kxe6 56. Qa5 Kf6 57. Kf3 Ke7 58. Ke4 1-0

[Event "Druzynowe Mistrzostwa Polski Juniorow 2018 - II Liga"]
[Site "Szczyrk"]
[Date "1899-12-30"]
[Round "11.45"]
[White "Pancewicz, Szymon"]
[Black "Szemplinski, Jerzy"]
[Result "1-0"]
[WhiteTitle "II"]
[BlackTitle "II"]
[WhiteElo "1465"]
[BlackElo "1411"]

1. e4 c5 2. Nf3 e6 3. d4 cxd4 4. Nxd4 Nf6 5. Nc3 Nc6 6. Ndb5 Bb4 7. a3 Bxc3+ 8.
Nxc3 d5 9. exd5 Nxd5 10. Bd2 O-O 11. Bd3 b6 12. Qh5 Nf6 13. Qh4 Ne5 14. Be4 Ng6
15. Bxg6 fxg6 16. O-O-O Bb7 17. Bf4 Qe8 18. Rd6 Nd5 19. Bd2 b5 20. Re1 Nc7 21.
Bf4 a5 22. Rb6 Nd5 23. Rxb7 Rxf4 24. Qg3 Rf5 25. Nxb5 Qc6 26. Rb8+ Rxb8 27. Qxb8+
Rf8 28. Nd4 Qc4 29. Qe5 Qa2 30. Qxe6+ Kh8 31. Nb3 a4 32. Qe8 Kg8 33. Qxa4 Nf6
34. Qc4+ Kh8 35. Nd2 Qa1+ 36. Nb1 Rb8 37. Qd4 h6 38. Re7 Qa2 39. g4 g5 40. a4
Ra8 41. Ra7 Re8 42. Qc3 Qd5 43. b3 Qh1+ 44. Kb2 Qxh2 45. Qc7 Qxc7 46. Rxc7 Nxg4
47. Rf7 Re2 48. a5 h5 49. a6 Re8 50. a7 Ra8 51. Rb7 Kh7 52. Nd2 Nxf2 53. b4 g4
54. b5 h4 55. b6 g3 56. Rb8 h3 57. Rxa8 h2 58. Rh8+ Kxh8 59. Qa8+ Kh7 60. Nf1
Qh1 61. Qxh1+ Nxh1 62. Nxg3 Nxg3 63. b7 1-0

[Event "Druzynowe Mistrzostwa Polski Juniorow 2018 - II Liga"]
[Site "Szczyrk"]
[Date "1899-12-30"]
[Round "11.46"]
[White "Grzadka, Artur"]
[Black "Sidorczuk, Pawel"]
[Result "1-0"]
[WhiteTitle "II"]
[BlackTitle "II"]
[WhiteElo "1389"]
[BlackElo "1393"]

1. d4 Nf6 2. c4 c5 3. d5 b5 4. cxb5 a6 5. Nc3 axb5 6. Nxb5 Qa5+ 7. Nc3 Ba6 8. f3
d6 9. e4 Bxf1 10. Kxf1 g6 11. Nge2 Bg7 12. Kf2 Nbd7 13. Bf4 O-O 14. Qc2 Rfc8 15.
Rhd1 Nh5 16. Be3 Ne5 17. Bg5 Rc7 18. a3 c4 19. Be3 Rb8 20. Ra2 Nd3+ 21. Kf1 Nf6
22. Nd4 Qa6 23. Nc6 Ra8 24. Nb4 Nxb4 25. axb4 Qb7 26. Rda1 Rxa2 27. Rxa2 Qxb4
28. Ra4 Qb8 29. Ra6 Nd7 30. Qa4 Qe8 31. Rc6 Qb8 32. Nb5 Rxc6 33. dxc6 Ne5 34.
c7 Qc8 35. Qa5 Nc6 36. Qb6 Qe8 37. Na7 Bf8 1-0

[Event "Druzynowe Mistrzostwa Polski Juniorow 2018 - II Liga"]
[Site "Szczyrk"]
[Date "1899-12-30"]
[Round "11.47"]
[White "Tkaczyk, Weronika"]
[Black "Krzysztynska, Anna"]
[Result "0-1"]
[WhiteTitle "I++"]
[BlackTitle "I+"]
[WhiteElo "1502"]
[BlackElo "1758"]

1. e4 e5 2. Nf3 Nc6 3. Bb5 a6 4. Ba4 Nf6 5. O-O Be7 6. Re1 b5 7. Bb3 O-O 8. c3
d5 9. exd5 Nxd5 10. Nxe5 Nxe5 11. Rxe5 c6 12. Bxd5 cxd5 13. d4 Bd6 14. Re3 Qh4
15. g3 Qh3 16. Qf1 Qh5 17. Nd2 Bg4 18. Qg2 Rae8 19. Nf1 Bh3 20. Qf3 Qxf3 21. Rxf3
Re1 0-1

[Event "Druzynowe Mistrzostwa Polski Juniorow 2018 - II Liga"]
[Site "Szczyrk"]
[Date "1899-12-30"]
[Round "11.48"]
[White "Moscicka, Alicja"]
[Black "Wolszczak, Natalia"]
[Result "1/2-1/2"]
[WhiteTitle "II"]
[BlackTitle "II+"]
[WhiteElo "1000"]
[BlackElo "1079"]

1. e4 e5 2. Nf3 Nc6 3. d4 exd4 4. Bc4 Bb4+ 5. c3 dxc3 6. bxc3 Ba5 7. O-O Nge7 8.
Qb3 O-O 9. Bf4 h6 10. Re1 Ng6 11. Bg3 Bb6 12. Nbd2 Na5 13. Qa3 Qe7 14. Qxe7 Nxe7
15. Rab1 d6 16. Nd4 Nac6 17. N2f3 Bg4 18. h3 Bxf3 19. Nxf3 Rfd8 20. Rbd1 Ba5 21.
Re3 a6 22. a4 Kf8 23. Nd4 d5 24. Nxc6 bxc6 25. exd5 cxd5 26. Be2 Nf5 27. Red3
Nxg3 28. Rxg3 Rd6 29. Bf3 Rad8 30. Be2 Rb8 31. Rgd3 c6 32. c4 Rb4 33. cxd5 Rxa4
34. dxc6 Rxc6 35. Rb3 Rb4 36. Rxb4 Bxb4 37. Ra1 a5 38. Bb5 Rd6 39. Ba4 Rd4 40.
f3 Rd2 41. Kf1 1/2-1/2

[Event "Druzynowe Mistrzostwa Polski Juniorow 2018 - II Liga"]
[Site "Szczyrk"]
[Date "1899-12-30"]
[Round "11.50"]
[White "Radecki, Adam"]
[Black "Lendzion, Kamil"]
[Result "1-0"]
[WhiteTitle "I"]
[BlackTitle "II+"]
[WhiteElo "1702"]
[BlackElo "1663"]

1. e4 c5 2. d3 d6 3. g3 Nc6 4. Bg2 g6 5. Nd2 Bg7 6. c3 e6 7. Ngf3 Nge7 8. O-O O-O
9. Nh4 Rb8 10. f4 f5 11. exf5 gxf5 12. Ndf3 Ng6 13. Re1 Bf6 14. Nxg6 hxg6 15.
h4 Qc7 16. Ng5 Bxg5 17. fxg5 e5 18. Bd5+ Kg7 19. h5 Ne7 20. h6+ Kh7 21. Bb3 b5
22. d4 Bb7 23. Kh2 Qc6 24. Qe2 Qe4 25. dxc5 dxc5 26. Be3 Qc6 27. a4 a6 28. axb5
axb5 29. c4 bxc4 30. Bxc4 Qc7 31. Bf4 Be4 32. Be3 f4 33. Bxf4 exf4 34. Qxe4 fxg3+
35. Kg1 Nf5 36. b3 Rbe8 37. Qxe8 Rxe8 38. Rxe8 Qd7 39. Bg8+ Kh8 40. Bd5+ Kh7 41.
Raa8 Nxh6 42. Rh8+ Kg7 43. gxh6+ Kf6 44. Rad8 Qa7 45. Kg2 c4 46. Rhf8+ Kg5 47.
Bxc4 Kxh6 48. Kxg3 Qe3+ 49. Kg2 Kg5 50. Rf3 Qe4 51. Rf8 Qc2+ 52. Rf2 Qe4+ 53.
R8f3 Kh6 54. Bd3 Qd5 55. b4 g5 56. Kf1 g4 57. Rf6+ 1-0

[Event "Druzynowe Mistrzostwa Polski Juniorow 2018 - II Liga"]
[Site "Szczyrk"]
[Date "1899-12-30"]
[Round "11.51"]
[White "Zarebska, Lena"]
[Black "Piechota, Kamil"]
[Result "1-0"]
[WhiteTitle "I++"]
[BlackTitle "II"]
[WhiteElo "1817"]
[BlackElo "1521"]

1. e4 e5 2. f4 exf4 3. Nf3 g5 4. h4 Be7 5. hxg5 Bxg5 6. Nc3 d6 7. d4 Bg4 8. Qe2
Nc6 9. Qf2 Bxf3 10. gxf3 Nge7 11. Bd2 Ng6 12. O-O-O Bh4 13. Qg1 Rg8 14. Bxf4 Bf6
15. Be3 Rg7 16. Qf2 Nce7 17. Bc4 c6 18. e5 Bh4 19. Rxh4 Nxh4 20. Qxh4 Nf5 21.
Qf2 Nxe3 22. Qxe3 d5 23. Bd3 Qh4 24. Kb1 O-O-O 25. Bf5+ Kb8 26. e6 fxe6 27. Qe5+
Rc7 28. Bxe6 Re8 29. f4 h5 30. f5 Qg5 31. a3 h4 32. Rh1 Qg3 33. Ne2 Qg4 1-0

[Event "Druzynowe Mistrzostwa Polski Juniorow 2018 - II Liga"]
[Site "Szczyrk"]
[Date "1899-12-30"]
[Round "11.52"]
[White "Karwot, Marek"]
[Black "Libura, Julianna"]
[Result "0-1"]
[WhiteTitle "III"]
[BlackTitle "I"]
[WhiteElo "1000"]
[BlackElo "1540"]

1. e4 c5 2. Nf3 a6 3. c3 Nf6 4. e5 Nd5 5. d4 e6 6. Bc4 d6 7. O-O Nc6 8. Bxd5 exd5
9. Bg5 Be7 10. Bxe7 Nxe7 11. Qe2 O-O 12. Nbd2 Ng6 13. Rfe1 Re8 14. Rad1 Bf5 15.
Nb3 c4 16. Nbd2 Nf4 17. Qe3 Nd3 18. Re2 Nxb2 19. Ra1 Bd3 20. Ree1 Qa5 21. Rec1
Qc7 22. Re1 Qa5 23. Rec1 h6 24. h3 Re6 25. Nh2 Rae8 26. Ndf3 Bh7 27. Qd2 Nd3 28.
Rd1 dxe5 29. dxe5 Be4 30. Nd4 Rxe5 31. Nhf3 Bxf3 32. Nxf3 R5e6 0-1

[Event "Druzynowe Mistrzostwa Polski Juniorow 2018 - II Liga"]
[Site "Szczyrk"]
[Date "1899-12-30"]
[Round "11.53"]
[White "Przepiora, Anna"]
[Black "Obrochta, Lena"]
[Result "1-0"]
[WhiteTitle "I"]
[BlackTitle "I"]
[WhiteElo "1593"]
[BlackElo "1422"]

1. e4 e5 2. Nf3 Nc6 3. Bb5 a6 4. Ba4 Nf6 5. O-O Be7 6. c3 b5 7. Bc2 d6 8. h3 O-O
9. d3 Bb7 10. Be3 Re8 11. Nbd2 Qd7 12. Re1 Bf8 13. Nf1 g6 14. Qd2 Bg7 15. Bh6
Qe7 16. Bxg7 Kxg7 17. Ng3 Nd7 18. Nh2 Nf6 19. Nhf1 Kh8 20. Re3 Nd8 21. Rf3 Ne6
22. Bb3 Nd7 23. Bxe6 fxe6 24. d4 Rf8 25. Rxf8+ Rxf8 26. a4 bxa4 27. Rxa4 Nb6 28.
Ra2 Nd7 29. Qe3 Ra8 30. Nd2 exd4 31. Qxd4+ e5 32. Qc4 Nb6 33. Qd3 Bc8 34. Ngf1
Bb7 35. Ne3 Qf7 36. Ra1 Rf8 37. Qe2 Qf4 38. Nc2 Nd7 39. Qe3 Qf7 40. b4 Ra8 41.
Qe2 Qe6 42. Nc4 Qf7 43. Na5 Bc8 44. Qc4 Qxc4 45. Nxc4 Bb7 46. f3 Kg7 47. Kf2 Kf6
48. N2e3 Ke6 49. Na5 Ra7 50. Nxb7 Rxb7 51. Rxa6 Nb6 52. Ke2 h6 53. Kd3 Kd7 54.
c4 Nc8 55. Kc3 Na7 56. Nd5 Nc6 57. Ra8 Rb8 58. Rxb8 Nxb8 59. Kb3 Nc6 60. Ka4 Nd4
61. Ka5 c6 62. Ne3 Kc7 63. b5 Kb7 64. bxc6+ Kxc6 65. Kb4 Ne6 66. Nd5 Kd7 67. h4
Ke8 68. Kb5 Kd7 69. Kb6 h5 70. g4 Ng7 71. Kb5 Ne8 72. gxh5 gxh5 73. Kb6 Kd8 74.
Kc6 Kc8 75. Ne7+ Kd8 76. Nf5 Kc8 77. Nxd6+ Nxd6 78. Kxd6 1-0

[Event "Druzynowe Mistrzostwa Polski Juniorow 2018 - II Liga"]
[Site "Szczyrk"]
[Date "1899-12-30"]
[Round "11.54"]
[White "Czerwinska, Oliwia"]
[Black "Anyz, Monika"]
[Result "0-1"]
[WhiteTitle "I"]
[BlackTitle "I+"]
[WhiteElo "1245"]
[BlackElo "1423"]

1. e4 c5 2. c3 Nf6 3. e5 Nd5 4. Bc4 Nb6 5. Bb3 Nc6 6. d4 cxd4 7. cxd4 e6 8. Nf3
d6 9. a3 Qc7 10. Bf4 Bd7 11. O-O d5 12. Nc3 a6 13. Rc1 Be7 14. Qd3 Qd8 15. Rc2
Na5 16. Ba2 Na4 17. b4 Nxc3 18. Qxc3 Nc4 19. Nd2 Nb6 20. Qg3 g5 21. Be3 h5 22.
f4 g4 23. Qe1 Bb5 24. Rf2 h4 25. g3 Kd7 26. Nb3 hxg3 27. hxg3 Bd3 28. Rcd2 Be4
29. Rh2 Rc8 30. Nc5+ Bxc5 31. dxc5 Na8 32. Bb1 Bf3 33. Bd3 Qf8 34. Rxh8 Qxh8 35.
Rh2 Qg7 36. Qf2 Nc7 37. a4 Rh8 38. Rxh8 Qxh8 39. Qh2 Qxh2+ 40. Kxh2 Kc6 41. Bd4
Bd1 42. a5 Nb5 43. Bb2 Bf3 44. Bh7 Be4 45. Bg8 Bg6 46. Kg2 d4 47. Kf2 Kd5 48.
Bc1 d3 49. Ke3 Kc4 50. f5 Bxf5 51. Bxf7 Kxb4 52. Bd2+ Kxc5 53. Be8 Nd4 54. Ba4
Nf3 55. Bb3 Nxd2 56. Kxd2 Kb4 57. Ba2 Kxa5 58. Bc4 Kb4 59. Bxd3 Bxd3 60. Kxd3
a5 61. Ke4 a4 62. Kf4 a3 63. Kxg4 a2 64. Kg5 Kc5 65. Kf6 Kd5 66. g4 Qa1 67. g5
Qxe5+ 68. Kg6 b5 69. Kh6 b4 70. g6 b3 71. g7 Qxg7+ 72. Kxg7 b2 73. Kf6 Qb1 74.
Kf7 Qf5+ 75. Ke7 Qg6 76. Kf8 Qh7 0-1

[Event "Druzynowe Mistrzostwa Polski Juniorow 2018 - II Liga"]
[Site "Szczyrk"]
[Date "1899-12-30"]
[Round "11.55"]
[White "Kucharski, Bartlomiej"]
[Black "Dzwierzynski, Bartosz"]
[Result "1-0"]
[WhiteTitle "I"]
[BlackTitle "I"]
[WhiteElo "1861"]
[BlackElo "1815"]

1. e4 c6 2. d4 d5 3. exd5 cxd5 4. Bf4 Nf6 5. c3 Nc6 6. Bd3 Bg4 7. Qb3 Qd7 8. h3
Bh5 9. Nd2 e6 10. Ngf3 Bg6 11. Bxg6 hxg6 12. O-O Na5 13. Qc2 Bd6 14. Bxd6 Qxd6
15. Ne5 O-O 16. f4 b5 17. b4 Nc4 18. Ndxc4 dxc4 19. a4 a6 20. a5 Nd5 21. Rae1
Nxb4 22. cxb4 Qxb4 23. Ra1 Rac8 24. Rab1 Qxa5 25. Qe4 Rfd8 26. Nc6 Qb6 27. Ne7+
Kf8 28. Nxc8 Rxc8 29. Kh1 Rd8 30. Rfd1 Rd5 31. Qe3 b4 32. Qc3 a5 33. Qxc4 Qb8
34. Ra1 1-0

[Event "Druzynowe Mistrzostwa Polski Juniorow 2018 - II Liga"]
[Site "Szczyrk"]
[Date "1899-12-30"]
[Round "11.56"]
[White "Kiszka, Arkadiusz"]
[Black "Wolak, Kamil"]
[Result "1/2-1/2"]
[WhiteTitle "II"]
[BlackTitle "II+"]
[WhiteElo "1592"]
[BlackElo "1579"]

1. d4 d5 2. c4 c6 3. e3 e6 4. Nf3 f5 5. g3 Bd6 6. c5 Be7 7. Bg2 Nf6 8. Ne5 O-O
9. Nc3 Nbd7 10. f4 Nxe5 11. fxe5 Ne4 12. Bd2 b6 13. b4 Ba6 14. Bf1 Bxf1 15. Rxf1
bxc5 16. bxc5 Bg5 17. Nxe4 fxe4 18. Rxf8+ Qxf8 19. Rb1 Qf7 20. Qe2 Rf8 21. a4
Qc7 22. a5 Bh6 23. Qa6 Rb8 24. Rxb8+ Qxb8 25. Qxc6 Qb1+ 26. Kf2 Bxe3+ 27. Bxe3
Qc2+ 28. Ke1 Qb1+ 29. Ke2 Qd3+ 30. Kf2 Qc2+ 31. Ke1 Qb1+ 32. Ke2 Qd3+ 1/2-1/2

[Event "Druzynowe Mistrzostwa Polski Juniorow 2018 - II Liga"]
[Site "Szczyrk"]
[Date "1899-12-30"]
[Round "11.57"]
[White "Mirowska, Oliwia"]
[Black "Tokarz, Izabela"]
[Result "1/2-1/2"]
[WhiteTitle "I++"]
[BlackTitle "I"]
[WhiteElo "1429"]
[BlackElo "1411"]

1. e4 c6 2. d4 d5 3. Nc3 dxe4 4. Nxe4 Bf5 5. Ng3 Bg6 6. Nf3 Nf6 7. a4 e6 8. Bc4
Nbd7 9. O-O Bd6 10. Re1 O-O 11. Bg5 Qc7 12. Nh4 c5 13. Nxg6 hxg6 14. Bb3 cxd4
15. Qxd4 Be5 16. Qd1 Bxb2 17. Rb1 Be5 18. Qf3 Bxg3 19. hxg3 b6 20. Rbd1 Rac8 21.
Re3 Nh7 22. Be7 Rfe8 23. Bd6 Qc6 24. Qe2 Nc5 25. Bxc5 Qxc5 26. Rd7 Rc7 27. Red3
Nf6 28. R7d4 Qe7 29. Qd1 Rb8 30. g4 Rbc8 31. Rd2 Qc5 32. Rc4 Qe7 33. Rcd4 1/2-1/2

[Event "Druzynowe Mistrzostwa Polski Juniorow 2018 - II Liga"]
[Site "Szczyrk"]
[Date "1899-12-30"]
[Round "11.58"]
[White "Gaj, Magdalena"]
[Black "Bartuzi, Krzysztof"]
[Result "1/2-1/2"]
[WhiteTitle "I"]
[BlackTitle "II"]
[WhiteElo "1531"]
[BlackElo "1200"]

1. d4 f5 2. Nc3 Nf6 3. Bg5 d5 4. Bxf6 exf6 5. e3 Be6 6. Bd3 c6 7. Qf3 g6 8. Nge2
Nd7 9. h4 h5 10. Nf4 Bf7 11. Qg3 Rg8 12. f3 Qc7 13. Qf2 O-O-O 14. O-O-O Bh6 15.
g3 Rde8 16. Rhe1 b6 17. Kb1 g5 18. hxg5 fxg5 19. Ng2 Bg6 20. e4 fxe4 21. fxe4
Rgf8 22. Qg1 dxe4 23. Bxe4 Bxe4 24. Nxe4 Nf6 25. Nxf6 Rxe1 26. Rxe1 Rxf6 27. Re8+
Kb7 28. Qe1 Rf7 29. a3 Bf8 30. Qc3 Rf1+ 31. Re1 Rxe1+ 32. Qxe1 Bd6 33. Qe3 Qe7
34. Qf3 h4 35. gxh4 gxh4 36. Ne3 1/2-1/2

[Event "Druzynowe Mistrzostwa Polski Juniorow 2018 - II Liga"]
[Site "Szczyrk"]
[Date "1899-12-30"]
[Round "11.59"]
[White "Wolak, Julia"]
[Black "Trybowska, Barbara"]
[Result "1/2-1/2"]
[WhiteTitle "I"]
[BlackTitle "I++"]
[WhiteElo "1265"]
[BlackElo "1755"]

1. e4 c5 2. Nf3 Nc6 3. d4 cxd4 4. Nxd4 d6 5. Nc3 g6 6. Be3 Bg7 7. Bc4 Nf6 8. Bb3
O-O 9. f3 Bd7 10. Qd2 a6 11. g4 h5 12. gxh5 Nxh5 13. O-O-O Rc8 14. Nce2 Qa5 15.
Qxa5 Nxa5 16. Ng3 Nxg3 17. hxg3 Rc7 18. Kb1 Rfc8 19. Rh2 Nc4 20. Bg5 Re8 21. Bh6
Bf6 22. c3 a5 23. Rdh1 b5 24. g4 Rc5 25. Bxc4 bxc4 26. Rg2 e5 27. Nf5 Rc6 28.
g5 Bh8 29. Ne3 Be6 30. Rgh2 Rec8 31. Rd1 Rd8 32. Rhd2 Bg7 33. Bxg7 Kxg7 34. Nd5
Rh8 35. Nf6 Rh3 1/2-1/2

[Event "Druzynowe Mistrzostwa Polski Juniorow 2018 - II Liga"]
[Site "Szczyrk"]
[Date "1899-12-30"]
[Round "11.60"]
[White "Wojtowicz, Gabriela"]
[Black "Hals, Emilia"]
[Result "1/2-1/2"]
[WhiteTitle "II"]
[BlackTitle "I"]
[WhiteElo "1000"]
[BlackElo "1243"]

1. d4 d5 2. c4 c6 3. Nc3 e6 4. Nf3 f5 5. e3 Nf6 6. Ne5 Bd6 7. Bd3 Nbd7 8. f4 O-O
9. h3 Ne4 10. O-O Nxe5 11. fxe5 Be7 12. Nxe4 fxe4 13. Be2 Bd7 14. Bd2 Be8 15.
Rxf8+ Kxf8 16. a3 c5 17. Qf1+ Kg8 18. Be1 cxd4 19. Bg4 Bd7 20. exd4 Qb6 21. Bc3
Rd8 22. cxd5 exd5 23. Bxd7 Rxd7 24. Qe2 Bd8 25. Rf1 Rf7 26. Rxf7 Kxf7 27. Qf2+
Kg8 28. Bb4 h6 29. Qf8+ Kh7 30. Qf5+ Kg8 31. Qf8+ Kh7 32. Qf5+ Kg8 1/2-1/2

[Event "Druzynowe Mistrzostwa Polski Juniorow 2018 - II Liga"]
[Site "Szczyrk"]
[Date "1899-12-30"]
[Round "11.61"]
[White "Grochol, Kamil"]
[Black "Kawaler, Adam"]
[Result "0-1"]
[WhiteTitle "I"]
[BlackTitle "I"]
[WhiteElo "1726"]
[BlackElo "1811"]

1. e4 c5 2. Nf3 d6 3. d4 cxd4 4. Nxd4 Nf6 5. Nc3 g6 6. Be3 Bg7 7. f3 O-O 8. Bc4
Nc6 9. Qd2 Bd7 10. O-O-O Rb8 11. h4 b5 12. Bxb5 Nxd4 13. Bxd7 Nxf3 14. gxf3 Nxd7
15. Bh6 Qb6 16. b3 Qa5 17. Bxg7 Kxg7 18. h5 g5 19. h6+ Kh8 20. Kb2 Ne5 21. Qd5
Qb4 22. Rd4 Qb6 23. Rh3 e6 24. Na4 Qc7 0-1

[Event "Druzynowe Mistrzostwa Polski Juniorow 2018 - II Liga"]
[Site "Szczyrk"]
[Date "1899-12-30"]
[Round "11.62"]
[White "Mazurek, Bartosz"]
[Black "Oles, Martin"]
[Result "1-0"]
[WhiteTitle "I"]
[BlackTitle "II+"]
[WhiteElo "1733"]
[BlackElo "1488"]

1. d4 Nf6 2. c4 g6 3. Nc3 Bg7 4. e4 d6 5. Nf3 Nbd7 6. Be2 O-O 7. O-O e5 8. Re1
Nh5 9. Bf1 c6 10. d5 c5 11. a3 a6 12. b4 Qe8 13. Na4 f5 14. bxc5 Nxc5 15. Nxc5
dxc5 16. Be3 b6 17. Rb1 f4 18. Bd2 Rb8 19. a4 Bd7 20. a5 b5 21. cxb5 Bxb5 22.
Qc2 Bxf1 23. Rxf1 Qe7 24. Qc4 Nf6 25. Bc3 Nd7 26. Qxa6 Kh8 27. Qe6 Qxe6 28. dxe6
Nf6 29. e7 Rfe8 30. Rxb8 Rxb8 31. Rd1 Re8 32. Rd8 Kg8 33. Bxe5 Kf7 34. Bd6 Nxe4
35. Rxe8 Kxe8 36. a6 Nxd6 37. a7 Kxe7 38. Qa8 c4 39. Qa7+ Kf6 40. Qd4+ 1-0

[Event "Druzynowe Mistrzostwa Polski Juniorow 2018 - II Liga"]
[Site "Szczyrk"]
[Date "1899-12-30"]
[Round "11.63"]
[White "Jendrowiak, Maciej"]
[Black "Dahche, Abdel-azziz"]
[Result "0-1"]
[WhiteTitle "II"]
[BlackTitle "II"]
[WhiteElo "1252"]
[BlackElo "1408"]

1. d4 Nf6 2. c4 c5 3. d5 b5 4. cxb5 a6 5. bxa6 Bxa6 6. Nc3 d6 7. Nf3 g6 8. g3 Bg7
9. e4 Bxf1 10. Kxf1 O-O 11. Kg2 Nbd7 12. Bd2 Qb6 13. Qc2 e6 14. Rab1 c4 15. Be3
Nc5 16. Na4 Qb5 17. Nxc5 dxc5 18. dxe6 fxe6 19. b3 c3 20. Ng5 Qc6 21. f3 Rfd8
22. Rhf1 c4 23. Qxc3 Rxa2+ 24. Kh3 Rd3 25. Qc1 h6 26. bxc4 hxg5 27. Bxg5 Qc8 28.
Bxf6 e5+ 29. g4 Bxf6 30. Qh6 Kf7 31. Qh7+ Bg7 32. Rb6 Qh8 33. Rb7+ Kf6 34. g5+
Kxg5 35. Rxg7 Qc8+ 36. Kg3 Qg4# 0-1

[Event "Druzynowe Mistrzostwa Polski Juniorow 2018 - II Liga"]
[Site "Szczyrk"]
[Date "1899-12-30"]
[Round "11.64"]
[White "Sleczka, Krzysztof"]
[Black "Rzepka, Marcin"]
[Result "1-0"]
[WhiteTitle "II"]
[BlackTitle "III"]
[WhiteElo "1169"]
[BlackElo "1193"]

1. e4 c6 2. d4 d5 3. exd5 cxd5 4. c4 Nf6 5. Nc3 e6 6. Nf3 Be7 7. Bg5 Nc6 8. Bd3
dxc4 9. Bxc4 O-O 10. O-O b6 11. Bd3 Bb7 12. Bxf6 Bxf6 13. Be4 Qd7 14. d5 exd5
15. Nxd5 Qd8 16. Qc2 h6 17. Rfd1 Rc8 18. Nxf6+ Qxf6 19. Qa4 a6 20. Rd7 Rb8 21.
Rc1 Rfc8 22. Bd5 Qf5 23. Bxf7+ Kh8 24. Rcd1 Ne5 25. Nxe5 Qxe5 26. Qg4 Rf8 27.
f4 Qxb2 28. Qg6 Qc3 29. Be6 Bc8 30. Bf5 Qc5+ 31. Kh1 Bxd7 32. Qh7# 1-0

[Event "Druzynowe Mistrzostwa Polski Juniorow 2018 - II Liga"]
[Site "Szczyrk"]
[Date "1899-12-30"]
[Round "11.65"]
[White "Kucharska, Helena"]
[Black "Skiba, Aleksandra"]
[Result "0-1"]
[WhiteTitle "I"]
[BlackTitle "I+"]
[WhiteElo "1322"]
[BlackElo "1659"]

1. d4 Nf6 2. c4 g6 3. Nc3 Bg7 4. e4 d6 5. Nge2 O-O 6. Ng3 Nbd7 7. Be2 e5 8. d5
a5 9. Be3 Nc5 10. Qd2 Ng4 11. Bg5 f6 12. Bxg4 Bxg4 13. Bh6 Bxh6 14. Qxh6 Nd3+
15. Kf1 Nxb2 16. h4 Nxc4 17. f3 Bd7 18. h5 g5 19. Nf5 Bxf5 20. exf5 Ne3+ 21. Ke1
Nxf5 0-1

[Event "Druzynowe Mistrzostwa Polski Juniorow 2018 - II Liga"]
[Site "Szczyrk"]
[Date "1899-12-30"]
[Round "11.66"]
[White "Kulczycka, Zofia"]
[Black "Cieslak, Jessica"]
[Result "1/2-1/2"]
[WhiteTitle "II+"]
[BlackTitle "I"]
[WhiteElo "1181"]
[BlackElo "1247"]

1. d4 f5 2. g4 d5 3. Bg2 g6 4. Nc3 c6 5. Bf4 Bg7 6. Qd3 fxg4 7. h3 Bf5 8. Qd2 gxh3
9. Nxh3 Nd7 10. Ng5 h6 11. Nh3 Qb6 12. O-O-O O-O-O 13. f3 Qxd4 14. Qxd4 Bxd4 15.
Rxd4 e5 16. Ra4 exf4 17. Nxf4 a6 18. Rd4 g5 19. Nh5 Bg6 20. Ng3 Ngf6 21. Bh3 Kc7
22. Bf5 Bf7 23. Rdd1 Ne5 24. Rh2 h5 25. Rg1 g4 26. fxg4 Nexg4 27. Rhg2 h4 28.
Bxg4 Nxg4 29. Nf5 Ne5 30. Rg7 Rh5 31. R1g5 Rxg5 32. Rxg5 h3 33. Ng3 Kd6 34. Nd1
Be6 35. Rh5 Rg8 36. Nh1 Rg2 37. Ndf2 h2 38. Kd2 Ng4 39. Ke1 Ne3 40. c3 Nc4 41.
b3 Ne3 42. Rh7 b6 43. Rh6 Ke5 44. Nd3+ Kf5 45. Ndf2 Bd7 46. Rh7 Ke6 47. Rh6+ Kf5
1/2-1/2

[Event "Druzynowe Mistrzostwa Polski Juniorow 2018 - II Liga"]
[Site "Szczyrk"]
[Date "1899-12-30"]
[Round "11.67"]
[White "Burdzicki, Jan"]
[Black "Laszczak, Przemyslaw"]
[Result "1-0"]
[WhiteTitle "II+"]
[BlackTitle "k"]
[WhiteElo "1613"]
[BlackElo "1990"]

1. d4 d5 2. c4 c6 3. Nf3 Nf6 4. cxd5 cxd5 5. Nc3 Nc6 6. Bf4 Qb6 7. Na4 Qb4+ 8.
Bd2 Qd6 9. Nc3 a6 10. Na4 Bf5 11. Nb6 Rd8 12. Qa4 e6 13. e3 Be7 14. Ne5 O-O 15.
Nxc6 Qxc6 16. Qxc6 bxc6 17. Rc1 Rb8 18. Rxc6 Bd8 19. Na4 e5 20. dxe5 Ne4 21. Rxa6
Bc7 22. Bc1 Rfc8 23. Be2 Ba5+ 24. Rxa5 Rxc1+ 25. Bd1 Rxd1+ 26. Kxd1 Nxf2+ 27.
Ke2 Nxh1 28. Kf1 Kf8 29. Kg1 Bd7 30. b3 Bxa4 31. Rxa4 Rc8 32. g3 Rc1+ 33. Kg2
Ke7 34. Ra6 Rb1 35. Ra4 Ke6 36. Ra7 h5 37. h3 g6 38. h4 Kxe5 39. Re7+ Kf6 40.
Rb7 Ke6 41. a4 f6 42. a5 Kf5 43. Rb4 Rc1 44. a6 Rc8 45. Kxh1 Ra8 46. Ra4 Ke5 47.
a7 Kd6 48. Kg2 Kc5 49. Kf3 Kb5 50. Ke2 Kc6 51. Kd3 Kc5 52. Kc3 g5 53. Kd3 gxh4
54. gxh4 f5 55. Kc3 Kc6 56. Kd4 Kb7 57. b4 Kc6 58. Ra5 Kb7 59. Rxd5 Kb6 60. Ra5
Kb7 61. Rxf5 Rd8+ 62. Rd5 Rh8 63. Ra5 Ka8 64. e4 Rg8 65. b5 Rg1 66. Kc5 Rc1+ 67.
Kb4 Re1 68. b6 Rxe4+ 69. Kc3 Re3+ 70. Kd4 Rb3 71. Rxh5 Rxb6 72. Ke4 Kxa7 73. Rd5
Kb7 74. Kf4 Kc6 75. Rd1 Rb4+ 76. Kg5 Rb2 77. Kh6 Rg2 78. h5 Kc7 79. Rd5 Rg1 80.
Rg5 Re1 81. Kh7 Kd7 82. h6 Ke7 83. Kg7 Rf1 84. h7 Rf7+ 85. Kh6 Rf6+ 86. Rg6 Rf8
87. Rg8 1-0